| 000 | 00629nam a2200205 u 4500 | ||
|---|---|---|---|
| 005 | 20220818063539.0 | ||
| 008 | 101004s2001 cl r 000 0 spa d | ||
| 020 | _a9582002018 | ||
| 035 | _aUPN01000177989 | ||
| 049 | _aI | ||
| 050 | 4 |
_aPZ74 _bR6.3 2001 |
|
| 100 | 1 |
_aRosero Diago, Evelio José, _d1958- _930873 |
|
| 245 | 1 | 3 |
_aEl capitán de las tres cabezas / _cEvelio Rosero Diago ; il. Luis Aurelio Durán. |
| 250 | _a2a ed. | ||
| 260 |
_aSantafe de Bogotá : _bMagisterio, _c2001. |
||
| 300 |
_a97 p. : _bil. |
||
| 440 | 0 |
_aMontaña mágica ; _v23 |
|
| 650 | 0 |
_aCuentos infantiles colombianos _94407 |
|
| 905 | _aInfantil | ||
| 999 |
_c150092 _d150092 |
||